Synthesis, Characterization and Photocatalytic Activity of g-C3N4 Based Metal Chalcogenides Nanacomposites (Record no. 525333)
[ view plain ]
| 000 -LEADER | |
|---|---|
| fixed length control field | 00615nam a22001937a 4500 |
| 003 - CONTROL NUMBER IDENTIFIER | |
| control field | NUST |
| 005 - DATE AND TIME OF LATEST TRANSACTION | |
| control field | 20230202161602.0 |
| 008 - FIXED-LENGTH DATA ELEMENTS--GENERAL INFORMATION | |
| fixed length control field | 190701b ||||| |||| 00| 0 eng d |
| 038 ## - RECORD CONTENT LICENSOR | |
| Staff Name | Mr. Zahoor |
| 082 ## - DEWEY DECIMAL CLASSIFICATION NUMBER | |
| Classification number | 540 |
| 100 ## - MAIN ENTRY--PERSONAL NAME | |
| Personal name | Shafiq, Maryam |
| 9 (RLIN) | 16153 |
| 245 ## - TITLE STATEMENT | |
| Title | Synthesis, Characterization and Photocatalytic Activity of g-C3N4 Based Metal Chalcogenides Nanacomposites |
| Statement of responsibility, etc. | Maryam Shafiq |
| 260 ## - PUBLICATION, DISTRIBUTION, ETC. | |
| Place of publication, distribution, etc. | Islamabad : |
| Name of publisher, distributor, etc. | SNS - NUST, |
| Date of publication, distribution, etc. | 2018. |
| 300 ## - PHYSICAL DESCRIPTION | |
| Extent | 81 p. : ill. ; |
| Dimensions | 30cm |
| 500 ## - GENERAL NOTE | |
| General note | Hardcover.<br/><br/> |
| 650 ## - SUBJECT ADDED ENTRY--TOPICAL TERM | |
| Topical term or geographic name entry element | Chemistry - MS Thesis |
| 9 (RLIN) | 16069 |
| 700 ## - ADDED ENTRY--PERSONAL NAME | |
| Personal name | Dr. Muhammad Fahad Ehsan |
| 9 (RLIN) | 16081 |
| 942 ## - ADDED ENTRY ELEMENTS (KOHA) | |
| Source of classification or shelving scheme | |
| Koha item type | Thesis |
| Withdrawn status | Lost status | Source of classification or shelving scheme | Damaged status | Not for loan | Permanent Location | Current Location | Shelving location | Date acquired | Total Checkouts | Full call number | Barcode | Date last seen | Price effective from | Koha item type |
|---|---|---|---|---|---|---|---|---|---|---|---|---|---|---|
| Central Library (CL) | Central Library (CL) | Thesis | 07/01/2019 | 540 | CL-T-1904 | 07/03/2019 | 07/01/2019 | Thesis |
